000 02900cam a2200337 4500500
005 20260201080132.0
041 _afre
042 _adc
100 1 0 _aRevil, Hélèna
_eauthor
245 0 0 _aL’informatisation du non-recours aux droits maladie en France
260 _c2015.
500 _a11
520 _aLes instruments d’action publique peuvent selon nous participer à l’émergence des problèmes publics et à leur inscription parmi les préoccupations d’acteurs institutionnels. Dans cet article, notre objectif est de comprendre le rôle et les limites d’un outil informatique dans la mise à l’agenda administratif d’une problématique telle celle du non-recours aux droits. Notre hypothèse est que s’il peut être producteur d’une représentation spécifique de cette question peu visible et avoir des effets d’agrégation autour d’elle, l’outil informatique ne peut porter à lui seul la mise à l’agenda du non-recours – problématique encore conflictuelle et surplombée par des enjeux institutionnels contradictoires –, ni transformer unilatéralement les modes de faire des organismes sociaux concernant la limitation du phénomène et, plus globalement, concernant la réalisation quotidienne de leurs missions auprès des ressortissants de l’action publique.
520 _aThe informatization of the non take-up (NTU) of benefitsWe argue that the instruments of public action can participate to public issues emerging and being placed among the concerns of institutional actors. In this article, our aim is to understand the role and the limits of an IT tool in the administrative agenda setting of an issue such as the one of non take-up (NTU) of benefits. Our hypothesis is that though it can produce a specific representation of this invisible question and can have aggregate effects around this question, IT alone cannot be responsible for the agenda setting of NTU – a question that is still a source of conflict and includes contradictory institutional stakes –, nor can it unilaterally transform the methods of action of social institutions with regard to NTU limitation and, in a more general way, to the everyday carrying out of their mission with respect to the policy’s beneficiaries.
690 _aassurance maladie
690 _achangement
690 _acouverture maladie universelle
690 _ainformatique
690 _alimites
690 _amise à l’agenda
690 _anon-recours
690 _aagenda setting
690 _achange
690 _afree health insurance coverage
690 _ahealth system
690 _aIT
690 _alimits
690 _anon take-up
786 0 _nGouvernement et action publique | VOL. 4 | 2 | 2015-07-01 | p. 57-80 | 2260-0965
856 4 1 _uhttps://shs.cairn.info/revue-gouvernement-et-action-publique-2015-2-page-57?lang=fr&redirect-ssocas=7080
999 _c1640157
_d1640157